000
00490nam a2200145Ia 4500
008
100204s9999 xx 000 0 und d
082
_b
12968
100
_a
खरे सुरेश
245
_a
कुणीतरी आहे तीथे
260
_b
"प्रज्ञा प्रकाशन , मुंबई"
_c
1989
300
_a
74
630
_a
कुणीतरी आहे तीथे
730
_a
कुणीतरी आहे तीथे
942
_c
BOOK
999
_c
457400
_d
457397